000 004620000a22001930004500
001 000554
003 MACL
005 20150814122745.0
008 150814b xxu||||| |||| 00| 0 eng d
040 _aMACL
_cMACL
041 _aEnglish
082 _a570.3/SHA
100 _aSharma, R.K
_95538
245 _aDicitionary Of Biology
_cR.K Sharma
260 _aNew Delhi
_c1999
_bR.R.Books Company,
350 _a250
650 _aBiology
_91078
942 _k570
_cBK
_2ddc
999 _c554
_d554